000 00326nam a22001457a 4500
003 SGT
020 _a978-81-8204-093-9
082 _a658.3
_bT15G
100 _aGUPTA, R.C.
245 _aTEXTBOOK OF HOTEL ENGINEERING
260 _aNEW DELHI
_bAMAN PUB
_c2015
300 _a217
650 _aHOTEL MANAGEMENT
942 _2ddc
_cBK
999 _c12976
_d12976